Statistics for Eurasia Map Minesweeper Randomized

Click here to take the quiz!

General Stats

  • This quiz has been taken 563 times
  • The average score is 32 of 40

Answers on the Map

Answers color-coded by a green-red scale on the quiz's map according to % correct below.
 

Answer Stats

Country% Correct
Russia
97%
China
96%
Mongolia
93%
Iran
91%
Netherlands
91%
India
90%
Turkey
90%
Finland
89%
Bangladesh
88%
France
88%
Italy
88%
Kazakhstan
88%
Nepal
88%
Romania
88%
Afghanistan
87%
North Korea
87%
Pakistan
87%
Poland
87%
Saudi Arabia
87%
Ukraine
87%
Kyrgyzstan
86%
Bulgaria
85%
Estonia
85%
Germany
85%
Jordan
85%
Myanmar
85%
Spain
85%
Sweden
85%
Greece
84%
Hungary
84%
Portugal
84%
South Korea
84%
Uzbekistan
84%
Cambodia
83%
Slovakia
83%
Austria
82%
Azerbaijan
82%
Bhutan
82%
Latvia
82%
Norway
82%
Oman
82%
Qatar
82%
Switzerland
82%
Turkmenistan
82%
Kuwait
81%
Laos
81%
Malaysia
81%
Serbia
81%
Thailand
81%
Vietnam
81%
Belgium
80%
Denmark
80%
Georgia
80%
Iraq
80%
Israel
80%
Moldova
80%
Yemen
80%
Belarus
79%
Croatia
79%
Syria
79%
United Arab Emirates
79%
Albania
78%
Brunei
78%
Lithuania
78%
North Macedonia
78%
Papua New Guinea
78%
Tajikistan
78%
Andorra
77%
Armenia
77%
Indonesia
77%
Czech Republic
76%
Lebanon
76%
Liechtenstein
76%
Kosovo
75%
Luxembourg
75%
Bosnia and
Herzegovina
74%
Montenegro
74%
Slovenia
74%
East Timor
70%
Monaco
69%
San Marino
64%

Score Distribution

Percentile by Number Answered

Percent of People with Each Score

Your Score History

You have not taken this quiz